| 000 | 01302naa a22003017a 4500 | ||
|---|---|---|---|
| 001 | BR9401236 | ||
| 003 | BR-BrBNA | ||
| 005 | 20240918181118.0 | ||
| 007 | ta | ||
| 008 | 230509b bl.||||| |||| 00| 0 por d | ||
| 040 |
_aBR-BrBNA _bpor _cBiblioteca Nacional de Agricultura |
||
| 041 | _a(Pt) | ||
| 072 | _aU10; N20 | ||
| 090 | _aU10 BR9401236 | ||
| 100 | 1 | _aLopes, J.D.S. | |
| 100 | 1 | _aQueiroz, D.M. de | |
| 100 | 1 | _aMantovani, E.C. | |
| 111 | 1 |
_a21. Congresso Brasileiro de Engenharia Agricola1. Simposio de Engenharia Agricola do Cone Sul _cSanta Maria, RS (Brazil) _d27-31 Jul 1992 |
|
| 245 | 1 | _aDesenvolvimento de programa para selecao de maquinas agricolas com base na minimizacao dos custos operacionais | |
| 260 | 3 |
_aSanta Maria, RS (Brasil): _c1992. |
|
| 500 | _a21. Congresso Brasileiro de Engenharia Agricola e 1. Simposio de Engenharia Agricola do Cone Sul Santa Maria, RS (Brasil): 1992. v. 3 p. 1617-1631 (BR9401236-AM)U10 | ||
| 650 | _aMecanizacao Agricola | ||
| 650 | _aPrograma de Computador | ||
| 650 | _aCusto Operacional | ||
| 773 | 0 |
_t21. Congresso Brasileiro de Engenharia Agricola e 1. Simposio de Engenharia Agricola do Cone Sul _wU10 BR9401236 _gSanta Maria, RS (Brasil), 1992. v. 3 p. 1617-1631 |
|
| 909 |
_a202404 _bLucia _c55 _dLucia Elande |
||
| 942 |
_cAM _2AGRIS |
||
| 999 |
_c323677 _d323677 |
||